000 00604nam a22002057a 4500
003 0
005 20250311152633.0
008 250311b xxu||||| |||| 00| 0 eng d
020 _a978-1-473-79127-5
050 _aHF 5635
_b.G69 2024
100 _aGowthorpe, Catherine
245 _aBusiness accounting and finance
_cCatherine Gowthorpe
250 _aSixth edition
260 _aHampshire, United Kingdom
_bCengage
_c2024
300 _axiii, 528 pages ;
_c26cm.
504 _aIncludes glossary and index.
650 _aBusiness accounting.
650 _aBusiness finance.
942 _2lcc
_cBK
999 _c367284
_d367284